000 00335nam a22001457a 4500
003 OSt
005 20160727222449.0
008 160704b xxu||||| |||| 00| 0 eng d
040 _cTEST
100 _92011
_aPrice, E
245 _aNew Moon Rising
260 _aN.Y
_b J.B. Hippncott
_c1969
300 _aNew Moon Rising
942 _2ddc
_cBK
999 _c1714
_d1714